Assessment of possibilities in improving income of poor rural household in kampong cham province, ការវិភាគពីលទ្ធភាពបង្កើនចំណូលរបស់គ្រួសារ ក្រីក្រជនបទ នៅក្នុងខេត្តកំពង់ចាម (Record no. 6574)

000 -LEADER
fixed length control field 00695nam a22001577a 4500
003 - CONTROL NUMBER IDENTIFIER
control field OSt
005 - DATE AND TIME OF LATEST TRANSACTION
control field 20160208162253.0
008 - FIXED-LENGTH DATA ELEMENTS--GENERAL INFORMATION
fixed length control field 160208b xxu||||| |||| 00| 0 eng d
040 ## - CATALOGING SOURCE
Transcribing agency RUA
082 ## - DEWEY DECIMAL CLASSIFICATION NUMBER
Classification number MGR ENG 2004 B376 Or.1
100 ## - MAIN ENTRY--PERSONAL NAME
9 (RLIN) 6987
Personal name ENG LENG ; អេង លេង
245 ## - TITLE STATEMENT
Title Assessment of possibilities in improving income of poor rural household in kampong cham province, ការវិភាគពីលទ្ធភាពបង្កើនចំណូលរបស់គ្រួសារ ក្រីក្រជនបទ នៅក្នុងខេត្តកំពង់ចាម
260 ## - PUBLICATION, DISTRIBUTION, ETC. (IMPRINT)
Place of publication, distribution, etc. Phnom Penh
Name of publisher, distributor, etc. RUA
Date of publication, distribution, etc. 2004
300 ## - PHYSICAL DESCRIPTION
Extent xi ; 61p.
Other physical details ill.
Dimensions 29cm.
942 ## - ADDED ENTRY ELEMENTS (KOHA)
Source of classification or shelving scheme
Koha item type MGR
Holdings
Price effective from Date last seen Permanent Location Not for loan Date acquired Source of classification or shelving scheme Koha item type Barcode Lost status Damaged status Shelving location Withdrawn status Current Location Full call number
2016-02-082016-02-08Library Block B 2016-02-08 MGRRUA050408  B376 Library Block BMGR ENG 2004 B376 Or.1
2016-02-082016-02-08Library Block B 2016-02-08 MGRRUA050410  B376 Library Block BMGR ENG 2004 B376 Or.2
2016-02-082016-02-08Library Block B 2016-02-08 MGRRUA049827  B376 Library Block BMGR ENG 2004 B376 Or.3
2016-02-082016-02-08Library Block B 2016-02-08 MGRRUA051829  B376 Library Block BMGR ENG 2004 B376 Or.4
មជ្ឈមណ្ឌលឯការនៃសាកលវិទ្យាល័យភូមិន្ទកសិកម្មចំការដូង

Powered by Koha